The birth of the modern : (Record no. 1040)

000 -LEADER
fixed length control field 01045nam a22003257a 4500
001 - CONTROL NUMBER
control field 2472048
003 - CONTROL NUMBER IDENTIFIER
control field OSt
005 - DATE AND TIME OF LATEST TRANSACTION
control field 20210426120956.0
008 - FIXED-LENGTH DATA ELEMENTS--GENERAL INFORMATION
fixed length control field 900523s1991 nyu b 001 0 eng
010 ## - LIBRARY OF CONGRESS CONTROL NUMBER
LC control number 90055541
020 ## - INTERNATIONAL STANDARD BOOK NUMBER
International Standard Book Number 006016574X
040 ## - CATALOGING SOURCE
Original cataloging agency DLC
Transcribing agency DLC
Language of cataloging eng
041 ## - LANGUAGE CODE
Language code of text/sound track or separate title eng
050 00 - LIBRARY OF CONGRESS CALL NUMBER
Classification number D383
Item number .J64 1991
080 ## - UNIVERSAL DECIMAL CLASSIFICATION NUMBER
Universal Decimal Classification number 94
Item number J-74
082 00 - DEWEY DECIMAL CLASSIFICATION NUMBER
Classification number 909.81
Edition number 20
100 1# - MAIN ENTRY--PERSONAL NAME
Personal name Johnson, Paul,
Dates associated with a name 1928-
245 14 - TITLE STATEMENT
Title The birth of the modern :
Remainder of title world society, 1815-1830 /
Statement of responsibility, etc. / by: HarperCollins Publishers
250 ## - EDITION STATEMENT
Edition statement 1st edition
260 ## - PUBLICATION, DISTRIBUTION, ETC.
Place of publication, distribution, etc. New York, NY :
Name of publisher, distributor, etc. HarperCollins Publishers
Date of publication, distribution, etc. c1991.
300 ## - PHYSICAL DESCRIPTION
Extent xx, 1095 p. ;
Dimensions 24 cm.
365 ## - TRADE PRICE
Price amount 35 usd
504 ## - BIBLIOGRAPHY, ETC. NOTE
Bibliography, etc. note Includes bibliographical references (p. 1001-1071) and index.
650 #0 - SUBJECT ADDED ENTRY--TOPICAL TERM
Topical term or geographic name entry element History, Modern
Chronological subdivision 19th century.
650 #0 - SUBJECT ADDED ENTRY--TOPICAL TERM
Topical term or geographic name entry element Civilization, Modern
Chronological subdivision 19th century.
653 ## - INDEX TERM--UNCONTROLLED
Uncontrolled term ისტორია
906 ## - LOCAL DATA ELEMENT F, LDF (RLIN)
a 7
b cbc
c orignew
d 2
e ocip
f 19
g y-gencatlg
942 ## - ADDED ENTRY ELEMENTS (KOHA)
Source of classification or shelving scheme
Koha item type Books
Edition 1
Holdings
Withdrawn status Lost status Source of classification or shelving scheme Damaged status Not for loan Permanent location Current location Date acquired Inventory number Total Checkouts Full call number Barcode Date last seen Price effective from Koha item type
          Ken Walker International University Ken Walker International University 01/28/2021 2517   94 J-74 2517 01/28/2021 01/28/2021 Books

Powered by Koha